LEADER 01943nam 2200541 450 001 996207004503316 005 20210709172936.0 010 $a9788884534552$b(PDF) 010 $a8884534550 010 $z9788884534569$b(paperback) 035 $a(CKB)3400000000018715 035 $a(ItFiC)it 06516181 035 $a(SSID)ssj0000986100 035 $a(PQKBManifestationID)11985377 035 $a(PQKBTitleCode)TC0000986100 035 $a(PQKBWorkID)10933239 035 $a(PQKB)11715503 035 $a(WaSeSS)Ind00074636 035 $a(EXLCZ)993400000000018715 100 $a20090107h20062006 uy 0 101 0 $aita 135 $aurb|#|||||||| 181 $ctxt$2rdacontent 182 $cc$2rdamedia 183 $acr$2rdacarrier 200 10$aStrategie di internazionalizzazione e grande distribuzione nel settore dell'abbigliamento $efocus sulla realta? fiorentina /$fCristiano Ciappei, Azzurra Sani 210 1$aFirenze, Italy :$cFirenze University Press,$d2006. 210 4$dİ2006 215 $a1 online resource (231 pages) $cillustrations; digital, PDF file(s) 225 0 $aStanze Della Moda ;$v1 300 $aOn back cover: Osservatorio moda della Provincia di Firenze;Provincia di Firenze; Regione Toscana ... 311 08$aPrint version: 9788884534569 320 $aIncludes bibliographical references. 606 $aTextile fabrics$zItaly$zTuscany$xMarketing 606 $aExport marketing$zItaly$zTuscany 606 $aClothing and dress$xMarketing 615 0$aTextile fabrics$xMarketing. 615 0$aExport marketing 615 0$aClothing and dress$xMarketing. 676 $a658 700 $aCiappei$b Cristiano$0107550 702 $aSani$b Azzurra 801 0$bItFiC 801 1$bItFiC 801 2$bUKMaJRU 912 $a996207004503316 996 $aStrategie di internazionalizzazione e grande distribuzione nel settore dell'abbigliamento$92081074 997 $aUNISA LEADER 04117nam 22006495 450 001 9910350238803321 005 20251116203833.0 010 $a981-13-1690-2 024 7 $a10.1007/978-981-13-1690-6 035 $a(CKB)4100000007111058 035 $a(MiAaPQ)EBC5588743 035 $a(DE-He213)978-981-13-1690-6 035 $a(PPN)259453234 035 $a(EXLCZ)994100000007111058 100 $a20181104d2019 u| 0 101 0 $aeng 135 $aurcnu|||||||| 181 $ctxt$2rdacontent 182 $cc$2rdamedia 183 $acr$2rdacarrier 200 14$aThe Evolution of China's Poverty Alleviation and Development Policy (2001-2015) /$fedited by Changsheng Zuo 205 $a1st ed. 2019. 210 1$aSingapore :$cSpringer Singapore :$cImprint: Springer,$d2019. 215 $a1 online resource (320 pages) 225 1 $aResearch Series on the Chinese Dream and China?s Development Path,$x2363-6866 311 08$a981-13-1689-9 327 $aChapter I Formulation and Implementation of "China Rural Poverty Alleviation and Development Program (2001-2010)" -- Chapter II Development and Implementation of the "Outline for Development-oriented Poverty Reduction for China's Rural Areas (2011-2020)" -- Chapter III Regional Development and Poverty Reduction in Contiguous Destitute Areas (2011-2020) -- Chapter IV Mechanism Innovation for Poverty Alleviation and Development & Precise Poverty Alleviation -- Chapter V Construction of Reform Pilot Areas for Poverty Alleviation -- Chapter VI Multidimensional Poverty and Anti-poverty Policy -- Chapter VII Anti-poverty policies for special poor groups -- Chapter VIII Urban Poverty and Anti-poverty Policy -- Chapter IX China's International Exchange and Cooperation in the Field of Poverty Reduction. . 330 $aThis book explains in simple language the change of perspective and the transition of the systems for poverty alleviation, based on the fifteen-year development of China?s poverty alleviation policy. Written by scholars from the International Poverty Reduction Center in China, Peking University and the China Agricultural University who have been engaged in the field of poverty alleviation for many years, the contributions combine views on China's poverty reduction policy with the authors? personal experiences. It is a valuable reference resource for researchers at the forefront of poverty alleviation and also appeals to anyone interested in poverty alleviation and China?s poverty alleviation changes. 410 0$aResearch Series on the Chinese Dream and China?s Development Path,$x2363-6866 606 $aEconomic policy 606 $aFinance, Public 606 $aDevelopment economics 606 $aSocial structure 606 $aEquality 606 $aEconomics$xSociological aspects 606 $aDevelopment Policy$3https://scigraph.springernature.com/ontologies/product-market-codes/913020 606 $aPublic Finance$3https://scigraph.springernature.com/ontologies/product-market-codes/611000 606 $aDevelopment Economics$3https://scigraph.springernature.com/ontologies/product-market-codes/W42000 606 $aSocial Structure, Social Inequality$3https://scigraph.springernature.com/ontologies/product-market-codes/X22010 606 $aOrganizational Studies, Economic Sociology$3https://scigraph.springernature.com/ontologies/product-market-codes/X22020 615 0$aEconomic policy. 615 0$aFinance, Public. 615 0$aDevelopment economics. 615 0$aSocial structure. 615 0$aEquality. 615 0$aEconomics$xSociological aspects. 615 14$aDevelopment Policy. 615 24$aPublic Finance. 615 24$aDevelopment Economics. 615 24$aSocial Structure, Social Inequality. 615 24$aOrganizational Studies, Economic Sociology. 676 $a339.460951 702 $aZuo$b Changsheng$4edt$4http://id.loc.gov/vocabulary/relators/edt 906 $aBOOK 912 $a9910350238803321 996 $aThe Evolution of China's Poverty Alleviation and Development Policy (2001-2015)$92494526 997 $aUNINA